00469nam a2200157Ia 4500003000400000008004100004040001600045082001800061100002300079245006400102700001900166260005100185300001000236650003000246650003500276GCL140319s9999 xx 000 0 eng d aGCL / cGCL04a792.0943bB G1 aBRANDT, RICHARD B.10aGERMAN AND DUTCH THEATRE 1600 - 1848 / cBRANDT, RICHARD B.1 aBRANDT, GEARGE a[S.N] : bCAMLRIDGE UNIVERSITY PRESS ، c1993 a550 P04aGERMANY HISTORY - THEATER04aNETHERLANDS - THEATER, HISTORY